| 000 | 00618nam a2200193Ia 4500 | ||
|---|---|---|---|
| 008 | 140429s9999 xx 000 0 und d | ||
| 020 | _a9780155069206 | ||
| 050 |
_aHF 5549.5.M5 _b.T457 2005 |
||
| 100 | _aThomas, Kecia M. | ||
| 245 |
_aDiversity dynamics in the workplace / _cKecia M. Thomas. |
||
| 260 |
_aCalifornia : _bThomson/Wadsworth, _cc2005. |
||
| 300 |
_a233 p. : _bill. ; _c24 cm. |
||
| 500 | _aIncludes bibliographical references and index. | ||
| 521 | _aBSBA | ||
| 650 |
_aDiversity in the workplace _xUnited States. |
||
| 650 | _aDiversity in the workplace. | ||
| 942 |
_kFOR _cBK |
||
| 999 |
_c115671 _d115671 |
||